Vícekriteriální vyhodnocování v praxi

Na minha lista:
Detalhes bibliográficos
Autor principal: Černý, Martin
Outros Autores: Glückaufová, Dagmar
Formato: Livro
Idioma:tcheco
Publicado em: Praha Státní nakladatelství technické literatury 1982
Tags: Adicionar Tag
Sem tags, seja o primeiro a adicionar uma tag!

MARC

LEADER 00000nam a2200000 4500
001 c111638
005 20041019155150.4
041 0 |a cze 
044 |a CZ 
245 1 0 |a Vícekriteriální vyhodnocování v praxi  |c Martin Černý, Dagmar Glückaufová 
264 1 |a Praha  |b Státní nakladatelství technické literatury  |c 1982 
300 |a 136 s. 
100 1 |a Černý, Martin 
700 1 |a Glückaufová, Dagmar